| 000 | 00355 a2200157 4500 | ||
|---|---|---|---|
| 001 | 150888 | ||
| 040 | _cEscola São Tomás de Aquino | ||
| 100 | _aCOSTA, Wagner | ||
| 240 | 1 | 0 |
_aAs mães e os pais da gente _lpor |
| 245 | 1 | 0 | _aAs mães e os pais da gente |
| 300 | _a55 | ||
| 362 | 0 | _a2007 | |
| 440 | 1 | _aModerna | |
| 697 | _aPsicologia | ||
| 942 | _cBK | ||
| 999 |
_c150888 _d150888 |
||